Statistics for General Knowledge Quiz #13

Click here to take the quiz!

General Stats

  • This quiz has been taken 149,862 times
    (56,600 since last reset)
  • The average score is 11 of 20

Answer Stats

Question Answer % Correct
Who is the wizard that advises King Arthur?Merlin
83%
If a cat has 9 lives, how many lives do 99 cats have (in total)?891
82%
What character is the villain in the movie "The Lion King"?Scar
81%
Who is Hannah Montana's alter ego?Miley Stewart
77%
What city is closest to Alcatraz island?San Francisco
70%
According the song, what gift is given on the 5th day of Christmas?Five Golden Rings
67%
What deadly sin is also a type of animal?Sloth
66%
What is the smallest type of bird?Bee Hummingbird
64%
What singer's hits include "When I Was Your Man" and "24K Magic"?Bruno Mars
60%
What nation is scheduled to host the 2022 World Cup?Qatar
59%
Betsy is a nickname for what given name?Elizabeth
54%
Of the three types of rock, which one is made from lava?Igneous
54%
What day comes after Fat Tuesday?Ash Wednesday
49%
What company makes the Android operating system?Google
49%
What popular salad dressing tastes like the "secret sauce" on a Big Mac?Thousand Island
46%
On which real-life person was Count Dracula based? (According to many)Vlad the Impaler
43%
What common abbreviation is given to the National Socialist party?Nazi
42%
What country was formerly known as Zaire?D.R. Congo
37%
What island was the center of Minoan civilization?Crete
37%
What martial art could be described as Brazilian dance-fighting?Capoeira
27%

Score Distribution

Percentile by Number Answered

Percent of People with Each Score

Your Score History

You have not taken this quiz since the last reset